Score 0/19 Timer 02:00
0 Plays Today
2nd Letter State % Correct
ACalifornia, Georgia, Iowa…
96.4%
DIdaho, Maryland, North Dakota…
89.8%
EDelaware, Maine, Nebraska
86.6%
IHawaii, Michigan, Rhode Island
85.5%
LAlabama, Florida, Illinois
82.5%
JNew Jersey
81.5%
HNew Hampshire, Ohio
81.3%
KAlaska, Oklahoma
76%
CNorth Carolina, South Carolina
75.2%
YKentucky, New York, Wyoming
72.6%
2nd Letter State % Correct
NIndiana, Minnesota, Tennessee
69.1%
OColorado, Missouri
67.6%
TConnecticut, Montana, Utah…
66.7%
XTexas
66.3%
VNevada, West Virginia
65.2%
RArkansas, Oregon
64.7%
MNew Mexico
64.3%
ZArizona
64.2%
SKansas, Mississippi
59.3%
Remove Ads.
Support Sporcle.
Get the best of Sporcle when you Go Orange. This ad-free experience offers more features, more stats, and more fun while also helping to support Sporcle. Thank you for becoming a member.

You're not logged in!

Compare scores with friends on all Sporcle quizzes.
OR
Log In

Sporcle TV

Today on Sporcle TV


Watch our educational content, quiz creation guides, and fun videos on Sporcle TV.

Show Comments

Extras

Top Quizzes Today


Score Distribution

Paid Content

Your Account Isn't Verified!

In order to create a playlist on Sporcle, you need to verify the email address you used during registration. Go to your Sporcle Settings to finish the process.

Report this User

Report this user for behavior that violates our Community Guidelines.

Details: